00000000nam##2200000za#4500
0019.578430
003CaOODSP
00520210624190102
007cr |||||||||||
008150406|1987||||xxc|||||o    f|0| 0 eng|d
022 |a1488-5379
040 |aCaOODSP|beng
043 |an-cn---
0861 |aFs97-6/1521-2E-PDF
1101 |aCanada. |bDepartment of Fisheries and Oceans.
24510|aPaleolimnological investigation of freshwater lake sediments in insular Newfoundland. Part 2, : |h[electronic resource]|bDowncore diatom stratigraphies and historical pH profiles for seven lakes / |cby D.A. Scruton, J.K. Elner, and G.D. Howell.
260 |aSt. John's - Newfoundland and Labrador : |bFisheries and Oceans Canada |c1987.
300 |a76p.|bfigs., references, tables
4901 |aCanadian technical report of fisheries and aquatic sciences|x1488-5379|vNo. 1521-2
500 |aOn t.p.: Science Branch, St. John's, Newfoundland. The catalogue number and ISSN for the print edition appear in the PDF version.
546 |a(Résumé en français)
590 |a14-02-Supp|b2014-01-08
7201 |aScruton, D. A.
7201 |aElner, J. K.
7201 |aHowell, G. D.
830#0|aCanadian technical report of fisheries and aquatic sciences,|x1488-5379|vNo. 1521-2|w(CaOODSP)9.504449
85640|ahttp://publications.gc.ca|qPDF|s3438 KB|uhttps://publications.gc.ca/collections/collection_2013/mpo-dfo/Fs97-6-1521-2-eng.pdf|yNo. 1521-2